000 00525pam a2200217 a 4500
001 3369451
005 20180306031339.0
008 871210s1988 nyua 001 0 eng
010 _a 87036486
020 _a071671843X
020 _a0716719207 (pbk.)
040 _aDLC
_cDLC
_dDLC
041 _aeng
080 _a574.192 lul
082 0 0 _a574.192 lul
_219
100 1 _a9
101 _abio
245 1 0 _aBiochemistry /
_cLubert Stryer.
906 _a7
_bcbc
_corignew
_d1
_eocip
_f19
_gy-gencatlg
942 _2ddc
_cBK
999 _c44103
_d44103